Posúdenie objektu čistiarne odpadových vôd v obci Donovaly

Gespeichert in:
Bibliographische Detailangaben
1. Verfasser: Schlosserová, Mária (Verfasst von)
Weitere Verfasser: Stanko, Štefan (Betreuung Doktorarbeit)
Format: Manuskript Buch
Sprache:Slowakisch
Veröffentlicht: 2025
Schlagworte:
Online-Zugang:http://is.stuba.sk/zp/portal_zp.pl?podrobnosti=181858
CRZP
Tags: Tag hinzufügen
Keine Tags, Fügen Sie das erste Tag hinzu!

MARC

LEADER 00000ntm a22000003a 4500
001 stuzp104509
003 SK-STU
005 20250731152317.2
007 ta
008 150427s2015----xo-----f-mn---000-0-slo-d
040 |a STU  |b slo 
041 0 |a slo 
100 1 |a Schlosserová, Mária  |u 010280  |4 aut  |U SvF Stavebná fakulta  |T SvF Katedra zdravotného inžinierstva  |X 110233  |U V280  |Y 29  |7 110233 
242 0 1 |a Assessment of Wastewater Treatment Facility in Donovaly  |y eng 
245 1 0 |a Posúdenie objektu čistiarne odpadových vôd v obci Donovaly 
260 |c 2025 
650 4 |a optimization  |2 eng 
650 4 |a ANSYS Fluent  |2 eng 
650 4 |a hydrodynamic modeling  |2 eng 
650 4 |a activation chamber  |2 eng 
650 4 |a wastewater treatment plant  |2 eng 
650 4 |a ANSYS Fluent  |2 slo 
650 4 |a optimalizácia  |2 slo 
650 4 |a hydrodynamické modelovanie  |2 slo 
650 4 |a aktivačná komora  |2 slo 
650 4 |a čistiareň odpadových vôd  |2 slo 
700 1 |a Stanko, Štefan  |u 010280  |k Z1  |4 ths  |U SvF Stavebná fakulta  |T SvF Katedra zdravotného inžinierstva  |X 2740  |U V280  |Y 29  |7 A000002740 
856 4 |u http://is.stuba.sk/zp/portal_zp.pl?podrobnosti=181858 
856 4 |u https://opac.crzp.sk/?fn=detailBiblioForm&sid=226A7A544DA3649F6C593FE9F6D0  |z CRZP